Reproductive feed of golden apple snail, របបចំណីអាហារទៅលើការបន្តពូជរបស់ខ្យងមាសស៊ីស្រូវ (Record no. 1307)

000 -LEADER
fixed length control field 00524nam a22001337a 4500
040 ## - CATALOGING SOURCE
Transcribing agency RUA
082 ## - DEWEY DECIMAL CLASSIFICATION NUMBER
Classification number AGR HY 2013 B057 Or.1
100 ## - MAIN ENTRY--AUTHOR NAME
Personal name HY, RYDA.
245 ## - TITLE STATEMENT
Title Reproductive feed of golden apple snail, របបចំណីអាហារទៅលើការបន្តពូជរបស់ខ្យងមាសស៊ីស្រូវ
260 ## - PUBLICATION, DISTRIBUTION, ETC. (IMPRINT)
Place of publication Phnom Penh
Name of publisher RUA
Year of publication 2013
300 ## - PHYSICAL DESCRIPTION
Number of Pages x; 34p.
Other physical details ill.
Dimensions 29cm.
856 ## - ELECTRONIC LOCATION AND ACCESS
Uniform Resource Identifier https://drive.google.com/file/d/1PsBKuzeYOoS7Y27EYzOMtamit-cInChe/view?usp=sharing
942 ## - ADDED ENTRY ELEMENTS (KOHA)
Koha item type AGR
952 ## - LOCATION AND ITEM INFORMATION (KOHA)
Withdrawn status [LOCAL, KOHA] 0
952 ## - LOCATION AND ITEM INFORMATION (KOHA)
Withdrawn status [LOCAL, KOHA] 0
952 ## - LOCATION AND ITEM INFORMATION (KOHA)
Withdrawn status [LOCAL, KOHA] 0
952 ## - LOCATION AND ITEM INFORMATION (KOHA)
Withdrawn status [LOCAL, KOHA] 0
952 ## - LOCATION AND ITEM INFORMATION (KOHA)
Withdrawn status [LOCAL, KOHA] 0
952 ## - LOCATION AND ITEM INFORMATION (KOHA)
Withdrawn status [LOCAL, KOHA] 0
952 ## - LOCATION AND ITEM INFORMATION (KOHA)
Withdrawn status [LOCAL, KOHA] 0
952 ## - LOCATION AND ITEM INFORMATION (KOHA)
Withdrawn status [LOCAL, KOHA] 0
952 ## - LOCATION AND ITEM INFORMATION (KOHA)
Withdrawn status [LOCAL, KOHA] 0
952 ## - LOCATION AND ITEM INFORMATION (KOHA)
Withdrawn status [LOCAL, KOHA] 0
952 ## - LOCATION AND ITEM INFORMATION (KOHA)
Withdrawn status [LOCAL, KOHA] 0
952 ## - LOCATION AND ITEM INFORMATION (KOHA)
Withdrawn status [LOCAL, KOHA] 0
Holdings
Permanent Location Date acquired Koha item type Lost status Shelving location Barcode Current Location Full call number
Library Block B2015-09-26AGR B057RUA006097Library Block BAGR HY 2013 B057 Or.1
Library Block B2015-09-26AGR B057RUA006100Library Block BAGR HY 2013 B057 Or.2
Library Block B2015-09-26AGR B057RUA006457Library Block BAGR HY 2013 B057 Or.3
Library Block B2015-09-26AGR B057RUA006172Library Block BAGR HY 2013 B057 Or.4
Library Block B2015-09-26AGR B057RUA006027Library Block BAGR HY 2013 B057 Or.5
Library Block B2015-09-26AGR B057RUA006098Library Block BAGR HY 2013 B057 Or.6
Library Block B2015-09-26AGR B057RUA006026Library Block BAGR HY 2013 B057 Or.7
Library Block B2015-09-26AGR B057RUA006031Library Block BAGR HY 2013 B057 Or.8
Library Block B2018-12-19AGR B1.194A41181Library Block BAGR HY 2013 B1.194 Or.1
Library Block B2018-12-19AGR B1.194A41940Library Block BAGR HY 2013 B1.194 Or.2
Library Block B2018-12-19AGR B1.194A41393Library Block BAGR HY 2013 B1.194 Or.3
Library Block B2018-12-24AGR B1.194A41896Library Block BAGR HY 2013 B1.194 Or.4
មជ្ឈមណ្ឌលឯការនៃសាកលវិទ្យាល័យភូមិន្ទកសិកម្មចំការដូង

Powered by Koha